LEADER 02417nam 2200589Ia 450 001 9910451972303321 005 20200520144314.0 010 $a0-87462-903-9 010 $a1-4356-1064-4 035 $a(CKB)1000000000480451 035 $a(EBL)476982 035 $a(OCoLC)609853289 035 $a(SSID)ssj0000155784 035 $a(PQKBManifestationID)11163114 035 $a(PQKBTitleCode)TC0000155784 035 $a(PQKBWorkID)10134178 035 $a(PQKB)10518481 035 $a(MiAaPQ)EBC476982 035 $a(Au-PeEL)EBL476982 035 $a(CaPaEBR)ebr10182356 035 $a(EXLCZ)991000000000480451 100 $a20051229d2006 uy 0 101 0 $aeng 135 $aurcn||||||||| 181 $ctxt 182 $cc 183 $acr 200 10$aFive metaphysical paradoxes$b[electronic resource] /$fHoward P. Kainz 205 $a1st ed. 210 $aMilwaukee, WI $cMarquette University Press$d2006 215 $a1 online resource (64 p.) 225 1 $aAquinas lecture ;$v2006 300 $aDescription based upon print version of record. 311 $a0-87462-173-9 320 $aIncludes bibliographical references. 327 $ashort title page; title page; copyright page; prefatory; table of contents; director's notes; preface; paradoxes in the macrocosm; paradoxes in the microcosm; paradoxes in the human psyche: consciousness and the unconscious; the paradox of nature & the supernatural; philology & the limits of language; list of the Aquinas Lectures 1937-2006 330 $aThe Aquinas Lecture in Philosophy. Howard Kainz studied Greek, Latin, and Philosophy at the University of California and at Loyola University, Los Angeles (BA). After an MA in the History of Philosophy at St. Louis University, he finished his PhD at Duquesne University, specializing in 19th Century German Philosophy. He was an Assistant Professor at Duquesne, then subsequently at Marquette, where he became full professor in 1981, and professor emeritus in 2002. 410 0$aAquinas lecture ;$v2006. 606 $aParadox 606 $aLogic 608 $aElectronic books. 615 0$aParadox. 615 0$aLogic. 676 $a165 700 $aKainz$b Howard P$0870927 801 0$bMiAaPQ 801 1$bMiAaPQ 801 2$bMiAaPQ 906 $aBOOK 912 $a9910451972303321 996 $aFive metaphysical paradoxes$91944234 997 $aUNINA LEADER 01028nam 2200361Ia 450 001 996395831003316 005 20200824125300.0 035 $a(CKB)4330000000317260 035 $a(EEBO)2248598327 035 $a(OCoLC)ocm12388687e 035 $a(OCoLC)12388687 035 $a(EXLCZ)994330000000317260 100 $a19850815d1674 uy | 101 0 $alat 135 $aurbn||||a|bb| 200 10$aDe secretione animali cogitata$b[electronic resource] /$fauthore Gulielmo Cole, M.D 210 $aOxon $ce Theatro Sheldoniano$d1674 215 $a[20], 275 p 300 $aReproduction of original in Huntington Library. 330 $aeebo-0113 606 $aPhysiology$vEarly works to 1800 606 $aSecretion 615 0$aPhysiology 615 0$aSecretion. 700 $aCole$b William$f1635-1716.$01003020 801 0$bEAA 801 1$bEAA 801 2$bm/c 801 2$bWaOLN 906 $aBOOK 912 $a996395831003316 996 $aDe secretione animali cogitata$92302613 997 $aUNISA LEADER 00962nam a2200289 i 4500 001 991001095879707536 005 20020507111217.0 008 970308s1977 uk ||| | eng 035 $ab1017302x-39ule_inst 035 $aLE00642064$9ExL 040 $aDip.to Fisica$bita 084 $a510.15 084 $a512'.522 084 $aQA247 100 1 $aBlyth, T.S.$0462945 245 10$aModule theory :$ban approach to linear algebra /$cT.S. Blyth 260 $aOxford :$bClarendon Press,$c1977 300 $avi, 400 p. :$bill. ;$c24 cm. 500 $aIncludes bibliography and index. 650 4$aModules (Algebra) 650 4$aVector spaces 907 $a.b1017302x$b21-09-06$c27-06-02 912 $a991001095879707536 945 $aLE006 510.10/510.18 BLY$g1$i2006000020008$lle006$o-$pE0.00$q-$rl$s- $t0$u0$v0$w0$x0$y.i10212139$z27-06-02 996 $aModule theory$9189611 997 $aUNISALENTO 998 $ale006$b01-01-97$cm$da $e-$feng$guk $h0$i1 LEADER 02712nam 2200673 a 450 001 9910785120203321 005 20230725025137.0 010 $a1-282-76448-9 010 $a9786612764486 010 $a0-520-94799-1 024 7 $a10.1525/9780520947993 035 $a(CKB)2670000000048662 035 $a(EBL)581279 035 $a(OCoLC)698471836 035 $a(SSID)ssj0000412753 035 $a(PQKBManifestationID)11259219 035 $a(PQKBTitleCode)TC0000412753 035 $a(PQKBWorkID)10386396 035 $a(PQKB)11791169 035 $a(StDuBDS)EDZ0000055801 035 $a(MiAaPQ)EBC581279 035 $a(OCoLC)673607362 035 $a(MdBmJHUP)muse31097 035 $a(DE-B1597)520800 035 $a(DE-B1597)9780520947993 035 $a(Au-PeEL)EBL581279 035 $a(CaPaEBR)ebr10417069 035 $a(CaONFJC)MIL276448 035 $a(EXLCZ)992670000000048662 100 $a20100331d2010 uy 0 101 0 $aeng 135 $aurcn||||||||| 181 $ctxt 182 $cc 183 $acr 200 00$aBeyond cladistics$b[electronic resource] $ethe branching of a paradigm /$fedited by David M. Williams and Sandra Knapp 210 $aBerkeley [Calif.] $cUniversity of California Press$dc2010 215 $a1 online resource (349 p.) 225 1 $aSpecies and systematics ;$vv. 3 300 $aDescription based upon print version of record. 311 $a0-520-26772-9 320 $aIncludes bibliographical references and index. 327 $apt. 1. On Chris -- pt. 2. Botany -- pt. 3. Cladistics -- pt. 4. Biogeography. 330 $aCladistics, or phylogenetic systematics-an approach to discovering, unraveling, and testing hypotheses of evolutionary history-took hold during a turbulent and acrimonious time in the history of systematics. During this period-the 1960's and 1970's-much of the foundation of modern systematic methodology was established as cladistic approaches became widely accepted. Virtually complete by the end of the 1980's, the wide perception has been that little has changed. This volume vividly illustrates that cladistic methodologies have continued to be developed, improved upon, and effectively used in ever widening analytically imaginative ways. 410 0$aSpecies and systematics ;$vv. 3. 606 $aCladistic analysis 606 $aBiogeography 615 0$aCladistic analysis. 615 0$aBiogeography. 676 $a578.01/2 701 $aWilliams$b D. M$0139664 701 $aKnapp$b Sandra$0531320 801 0$bMiAaPQ 801 1$bMiAaPQ 801 2$bMiAaPQ 906 $aBOOK 912 $a9910785120203321 996 $aBeyond cladistics$93834187 997 $aUNINA